Konštrukcia zápustky na kovanie hriadeľa

Enregistré dans:
Détails bibliographiques
Auteur principal: Radič, Dušan (Auteur)
Autres auteurs: Bílik, Jozef (Directeur de thèse)
Format: Manuscrit Livre
Langue:slovaque
Publié: 2022
Sujets:
Accès en ligne:http://is.stuba.sk/zp/portal_zp.pl?podrobnosti=155541
Tags: Ajouter un tag
Pas de tags, Soyez le premier à ajouter un tag!

MARC

LEADER 00000ntm a22000003a 4500
001 stuzp89156
003 SK-STU
005 20220702211508.3
007 ta
008 150427s2015----xo-----f-mn---000-0-slo-d
040 |a STU  |b slo 
041 0 |a slo 
100 1 |a Radič, Dušan  |u 063000  |4 aut  |U MTF Materiálovotechnologická fakulta  |T MTF Ústav výrobných technológií  |X 98535  |U M3000  |Y 83  |7 98535 
242 0 1 |a Design of forging die for shaft production  |y eng 
245 1 0 |a Konštrukcia zápustky na kovanie hriadeľa 
260 |c 2022 
650 4 |a CAD  |2 slo 
650 4 |a Kovanie  |2 slo 
650 4 |a Tvárnenie  |2 slo 
650 4 |a Zápustka  |2 slo 
650 4 |a Hriadeľ  |2 slo 
650 4 |a Die  |2 eng 
650 4 |a Shaft  |2 eng 
650 4 |a Forming  |2 eng 
650 4 |a CAD  |2 eng 
650 4 |a Forging  |2 eng 
700 1 |a Bílik, Jozef  |u 063400  |k Z1  |4 ths  |U MTF Ústav výrobných technológií  |T MTF Katedra tvárnenia kovov a plastov  |X 1547  |U M3400  |Y 163  |7 A000001547 
856 4 |u http://is.stuba.sk/zp/portal_zp.pl?podrobnosti=155541 
996 |c M* BP-9445  |l MMSKP  |s P  |a 0  |w stuzp89156_0001